Most Common Female Names beginning with D in the USA - Statistics

General Stats
  • This quiz has been taken 712 times
  • The average score is 22 of 48
Answer Stats
Number Name % Correct
8 Diana
82%
11 Danielle
80%
2 Donna
79%
30 Debora
78%
5 Diane
78%
14 Dana
74%
19 Daisy
70%
10 Debbie
70%
1 Dorothy
69%
3 Deborah
68%
31 Dina
68%
16 Dora
68%
36 Dolly
65%
7 Denise
64%
4 Debra
63%
6 Doris
60%
33 Daphne
55%
24 Delia
52%
47 Diann
46%
48 Deann
45%
38 Dee
45%
9 Dawn
44%
20 Della
44%
12 Darlene
43%
25 Darla
41%
17 Deanna
41%
22 Doreen
41%
13 Dolores
39%
21 Dianna
38%
18 Dianne
38%
23 Desiree
35%
39 Dona
34%
40 Darcy
32%
35 Deana
30%
29 Dena
28%
34 Dominique
27%
32 Dorothea
27%
42 Deanne
26%
26 Dixie
24%
41 Dollie
24%
43 Deidre
22%
15 Delores
21%
37 Dale
20%
44 Deirdre
20%
45 Deena
18%
46 Dionne
15%
27 Deloris
8%
28 Dorthy
8%
No matching quizzes found
Score Distribution
Percent of People with Each Score
Percentile by Number Answered
Your Score History
You have not taken this quiz